| 000 | 00701nam a2200241Ia 4500 | ||
|---|---|---|---|
| 003 | OSt | ||
| 005 | 20220924125320.0 | ||
| 006 | a|||||r|||| 00| 0 | ||
| 007 | ta | ||
| 008 | 220923b |||||||| |||| 00| 0 tel d | ||
| 024 | _a345553 | ||
| 037 | _cTextual | ||
| 040 |
_aARTS _cARTS _btel |
||
| 041 |
_2tel _atel |
||
| 082 | _aO15,2D40,5, 35w3J5 | ||
| 100 |
_aNarahari Setti Sesha Giri Rao Au. _9198047 |
||
| 245 | 0 | _aSakuntala | |
| 260 |
_aRajamahendravaramu _bSaraswati Power Press India _c1955 |
||
| 300 |
_a128p. _ccm. |
||
| 650 | _aSANSKRIT LITERATURE | ||
| 942 |
_hO15,2D40,5, 35w3J5 _cTEXL _2CC |
||
| 999 |
_c422388 _d422388 |
||